000 00284nam a22001337a 4500
008 170301b xxu||||| |||| 00| 0 eng d
020 _a9780443066207
041 _aeng
080 _a61
100 _a6
101 _ashm
245 _aVASCULAR ANETHESIA
_cKAPLAN.J.A
942 _2udc
_cBK
999 _c6520
_d6520